Normal view
MARC view
- Almeida, Márcio
Entry Personal Name
001 - CONTROL NUMBER
- control field: 42461
003 - CONTROL NUMBER IDENTIFIER
- control field: NUST
005 - DATE AND TIME OF LATEST TRANSACTION
- control field: 20210314132321.0
008 - FIXED-LENGTH DATA ELEMENTS
- fixed length control field: 210314|| aca||aabn | a|a d
040 ## - CATALOGING SOURCE
- Original cataloging agency: NUST
- Transcribing agency: NUST
100 ## - HEADING--PERSONAL NAME
- Personal name: Almeida, Márcio
670 ## - SOURCE DATA FOUND
- Source citation: Work cat.: (NUST): Almeida, Marcio 42460, Recent developments in soil and pavement mechanics :, 1997.
